Planning policy : 11 February 1999 (Record no. 102678)

MARC details
000 -LEADER
fixed length control field 01562cam a2200265 4500
001 - CONTROL NUMBER
control field J121594
008 - FIXED-LENGTH DATA ELEMENTS--GENERAL INFORMATION
fixed length control field 030311n1999 000 0 eng u
035 ## - SYSTEM CONTROL NUMBER
System control number (Sirsi) u121594
050 ## - LIBRARY OF CONGRESS CALL NUMBER
Classification number 711.1
-- 18
110 ## - MAIN ENTRY--CORPORATE NAME
Corporate name or jurisdiction name as entry element United Kingdom Parliament
9 (RLIN) 5804
240 ## - UNIFORM TITLE
Uniform title Caborn statement
245 ## - TITLE STATEMENT
Title Planning policy : 11 February 1999
260 ## - PUBLICATION, DISTRIBUTION, ETC.
Place of publication, distribution, etc. London
Name of publisher, distributor, etc. United Kingdom Parliament
Date of publication, distribution, etc. 1999
490 ## - SERIES STATEMENT
Series statement Hansard
Volume/sequential designation (House of Commons) Written Answers 11 February 1999 : Column 308-310
520 ## - SUMMARY, ETC.
Summary, etc. Statement made by the Planning Minister Richard Caborn to add to and clarify the guidance in PPG6 in the light of the issues raised in "R v Hambleton DC ex p Somerfield Stores Ltd". The statement outlines the government policy on out of town leisure and retail developments. This requires applicants to demonstrate the need for additional facilities, that these could not be accommodated on sites in more central locations. Local authorities are required to treat any extension to existing facilities in out of town locations as if they were new development.
650 ## - SUBJECT ADDED ENTRY--TOPICAL TERM
Topical term or geographic name entry element CABORN STATEMENT
650 ## - SUBJECT ADDED ENTRY--TOPICAL TERM
Topical term or geographic name entry element LEISURE DEVELOPMENTS
650 ## - SUBJECT ADDED ENTRY--TOPICAL TERM
Topical term or geographic name entry element OUT-OF-TOWN DEVELOPMENTS
650 ## - SUBJECT ADDED ENTRY--TOPICAL TERM
Topical term or geographic name entry element PLANNING POLICY GUIDANCE NOTE SIX
650 ## - SUBJECT ADDED ENTRY--TOPICAL TERM
Topical term or geographic name entry element R V HAMBLETON DC EX P SOMERFIELD STORES LTD
650 ## - SUBJECT ADDED ENTRY--TOPICAL TERM
Topical term or geographic name entry element RETAIL DEVELOPMENTS
690 ## - LOCAL SUBJECT ADDED ENTRY--TOPICAL TERM (OCLC, RLIN)
Topical term or geographic name as entry element Planning and development
9 (RLIN) 6259
856 ## - ELECTRONIC LOCATION AND ACCESS
Uniform Resource Identifier <a href="https://www.parliament.the-stationery-office.co.uk/pa/cm199899/cmhansrd/vo990211/text/90211w04.htm#90211w04.html_spnew3">https://www.parliament.the-stationery-office.co.uk/pa/cm199899/cmhansrd/vo990211/text/90211w04.htm#90211w04.html_spnew3</a>
Public note View the Caborn statement on the UK Parliament website...
942 ## - ADDED ENTRY ELEMENTS (KOHA)
Suppress in OPAC 0
Holdings
Withdrawn status Lost status Source of classification or shelving scheme Damaged status Not for loan Home library Current library Shelving location Date acquired Total Checkouts Full call number Barcode Date last seen Copy number Price effective from Koha item type
    Dewey Decimal Classification     Virtual Virtual Online 11/03/2003   ONLINE PUBLICATION 121594-2001 06/08/2019 1 06/08/2019 Book